000
00431nam a22001457a 4500
020
_a
0074604740
082
_a
150.19
100
_a
Rao,S Narayana
245
_a
Counselling and guidance
250
_a
2nd ed.
260
_a
New Delhi
_b
Tata McGraw-Hill
_c
2006
300
_a
321p
942
_c
BK
999
_c
3028
_d
3028